[Event "25th Abu Dhabi Master 2018"]
[Site "Abu Dhabi"]
[Date "2018.08.12"]
[Round "6"]
[White "Fedoseev, Vladimir"]
[Black "Sargissian, Gabriel"]
[Result "1/2-1/2"]
[WhiteElo "2152"]
[BlackElo "2680"]
[Annotator "TA"]
[PlyCount "101"]
[EventDate "2018.08.05"]
[EventType "swiss"]
[EventCountry "UAE"]
[SourceTitle "playchess.com"]
[Source "ChessBase"]
[SourceQuality "1"]

1. e4 e5 2. Nf3 Nc6 3. d4 exd4 4. Nxd4 Bc5 5. Nxc6 bxc6 6. Bd3 d6 7. Nc3 Qh4 8. Qe2 Nf6 9. Na4 Nd7 10. O-O O-O 11. Kh1 Bd4 12. c3 Bb6 13. f4 Re8 14. Bd2 Nf6 15. Qe1 Qxe1 16. Raxe1 Nd7 17. g4 Bb7 18. Kg2 c5 19. c4 g5 20. fxg5 Ne5 21. Be2 Bxe4+ 22. Kg3 Bc6 23. b3 Re7 24. Nb2 Rae8 25. Nd1 Be4 26. Nc3 Bc6 27. Nd5 Bxd5 28. cxd5 c4 29. Bxc4 Nxc4 30. bxc4 Be3 31. Bxe3 Rxe3+ 32. Kf2 R3e4 33. h3 Rf4+ 34. Kg3 Rxe1 35. Rxf4 Ra1 36. Rf2 Rc1 37. h4 Rxc4 38. h5 Rc5 39. Rb2 Kg7 40. Kh4 h6 41. gxh6+ Kxh6 42. g5+ Kg7 43. h6+ Kg6 44. Rb8 Rc1 45. Kg4 Rg1+ 46. Kf4 Rf1+ 47. Ke4 Re1+ 48. Kd3 Rd1+ 49. Ke4 Re1+ 50. Kf3 Rh1 51. Rg8+ 1/2-1/2

[Event "25th Abu Dhabi Master 2018"]
[Site "Abu Dhabi"]
[Date "2018.08.12"]
[Round "6"]
[White "Ivana Maria, Furtado"]
[Black "Mayank, Pal"]
[Result "1/2-1/2"]
[WhiteElo "2146"]
[BlackElo "2100"]
[Annotator "NA"]
[PlyCount "59"]
[EventDate "2018.08.05"]
[EventType "swiss"]
[EventCountry "UAE"]
[SourceTitle "playchess.com"]
[Source "ChessBase"]
[SourceQuality "1"]

1. d4 Nf6 2. Nf3 e6 3. g3 b5 4. Bg2 Bb7 5. O-O c5 6. c3 Be7 7. Bg5 cxd4 8. cxd4 O-O 9. Qd3 d5 10. Nbd2 a6 11. Nb3 Ne4 12. Bxe7 Qxe7 13. Na5 Nc6 14. Nxb7 Qxb7 15. Rfc1 Qb6 16. e3 Rac8 17. Qe2 Rc7 18. Ne1 Rfc8 19. Nd3 Na5 20. Rxc7 Rxc7 21. Bxe4 dxe4 22. Nc5 Qc6 23. a4 b4 24. Nxa6 Qc4 25. Qxc4 Rxc4 26. b3 Nxb3 27. Rb1 Nd2 28. Rxb4 Rc1+ 29. Kg2 g5 30. Nc5 1/2-1/2

[Event "25th Abu Dhabi Master 2018"]
[Site "Abu Dhabi"]
[Date "2018.08.12"]
[Round "6"]
[White "Isha, Sharma"]
[Black "Panda, Sambit"]
[Result "0-1"]
[WhiteElo "2145"]
[BlackElo "2043"]
[Annotator "NA"]
[PlyCount "160"]
[EventDate "2018.08.05"]
[EventType "swiss"]
[EventCountry "UAE"]
[SourceTitle "playchess.com"]
[Source "ChessBase"]
[SourceQuality "1"]

1. e4 c6 2. d4 d5 3. Nd2 dxe4 4. Nxe4 Bf5 5. Ng3 Bg6 6. Bc4 e6 7. Nh3 Nd7 8. Nf4 Nb6 9. Bb3 Nd5 10. h4 Nxf4 11. Bxf4 h6 12. h5 Bh7 13. O-O Bd6 14. Bxd6 Qxd6 15. Qg4 Kf8 16. Rfe1 Nf6 17. Qh4 Ke7 18. Rad1 Rhd8 19. d5 cxd5 20. Rxd5 Qb6 21. Nf5+ Bxf5 22. Rxf5 Rd4 23. Qg3 Kf8 24. Rfe5 Rad8 25. Qf3 Qc7 26. g3 R8d6 27. a4 Qc6 28. Qxc6 Rxc6 29. Rb5 b6 30. c3 Rd2 31. Bd1 Rc5 32. Rxc5 bxc5 33. b3 Rb2 34. c4 Ke7 35. Kg2 Rb1 36. Kf1 Kd6 37. f4 a5 38. Kf2 Ng8 39. Ke3 Rb2 40. Re2 Rxe2+ 41. Bxe2 Ne7 42. Bd3 Nc6 43. Bc2 Nd4 44. Bd1 f5 45. Kd3 e5 46. Ke3 Ke6 47. Kd3 Nc6 48. Ke3 Nd4 49. Kd3 Kf6 50. Ke3 Ne6 51. Kf3 e4+ 52. Ke3 Nd4 53. Kf2 g6 54. hxg6 Kxg6 55. Ke3 h5 56. Kf2 Kh6 57. Ke3 Ne6 58. Be2 Kg6 59. Kf2 Nd8 60. Bd1 Nc6 61. Bc2 Nb4 62. Bb1 Kf6 63. Ke3 Kf7 64. Ke2 Kg7 65. Ke3 Kg6 66. Kf2 Kh6 67. Kg2 Nc6 68. Kf2 Nd4 69. Ba2 Kg6 70. Kg2 e3 71. Kf1 Kf6 72. Kg2 Kg7 73. Bb1 Kf6 74. Bd3 Kg6 75. Kf1 Nxb3 76. Ke2 Nc1+ 77. Kxe3 Nxd3 78. Kxd3 h4 79. Ke2 Kh5 80. Kf3 h3 0-1

[Event "25th Abu Dhabi Master 2018"]
[Site "Abu Dhabi"]
[Date "2018.08.12"]
[Round "6"]
[White "Hakobyan, Eduard"]
[Black "Varshini, Veileven"]
[Result "0-1"]
[WhiteElo "2134"]
[BlackElo "2205"]
[Annotator "TA"]
[PlyCount "100"]
[EventDate "2018.08.05"]
[EventType "swiss"]
[EventCountry "UAE"]
[SourceTitle "playchess.com"]
[Source "ChessBase"]
[SourceQuality "1"]

1. e4 c5 2. Nf3 d6 3. c3 Nf6 4. Be2 e6 5. O-O Be7 6. Re1 O-O 7. Bf1 Nbd7 8. d4 cxd4 9. cxd4 Nb6 10. Nc3 Bd7 11. b3 Rc8 12. Bb2 Bc6 13. Bd3 d5 14. e5 Nfd7 15. a3 Re8 16. Qc2 Nf8 17. Qd2 Nbd7 18. Re2 Qb6 19. b4 a6 20. Rf1 Qd8 21. Ne1 Nb6 22. f4 f5 23. Bc1 Qd7 24. Ref2 Nc4 25. Qd1 a5 26. Nc2 Ba4 27. Nxa4 Qxa4 28. g4 g6 29. Rg2 axb4 30. gxf5 exf5 31. axb4 Kh8 32. Qf3 Qd7 33. Bxc4 Rxc4 34. Ne3 Rxb4 35. Nxd5 Rxd4 36. Nxe7 Qxe7 37. Bb2 Rc4 38. Qb3 Qb4 39. Qxb4 Rxb4 40. Ba3 Ra4 41. Bxf8 Rxf8 42. Rb2 Rf7 43. Kg2 Rc4 44. Kg3 Kg7 45. Rfb1 Rcc7 46. Rb6 Rfd7 47. R1b3 Re7 48. Kf3 h6 49. Rd6 Rc6 50. Rxb7 Rc3+ 0-1

[Event "25th Abu Dhabi Master 2018"]
[Site "Abu Dhabi"]
[Date "2018.08.12"]
[Round "6"]
[White "Byron, Alan M"]
[Black "Divya, Deshmukh"]
[Result "1/2-1/2"]
[WhiteElo "2132"]
[BlackElo "2172"]
[Annotator "NA"]
[PlyCount "163"]
[EventDate "2018.08.05"]
[EventType "swiss"]
[EventCountry "UAE"]
[SourceTitle "playchess.com"]
[Source "ChessBase"]
[SourceQuality "1"]

1. e4 c6 2. d4 d5 3. e5 Bf5 4. Nf3 e6 5. Be2 c5 6. O-O Nc6 7. Be3 Qc7 8. c3 Nge7 9. h3 Bg6 10. Nh4 Nf5 11. Nxf5 Bxf5 12. g4 Bxb1 13. Rxb1 Be7 14. f4 cxd4 15. cxd4 O-O 16. a3 a5 17. Qd3 a4 18. Bd1 f5 19. gxf5 exf5 20. Bf3 Qd7 21. Bd2 Kh8 22. Kh1 Qe6 23. Bc3 Rfd8 24. Kh2 Bf8 25. Bd1 Qd7 26. Bc2 g6 27. h4 Bh6 28. Qh3 Kg8 29. Rf2 Kf7 30. Rg1 Qe6 31. Kg3 b5 32. h5 Rh8 33. Kf3 Rag8 34. Rfg2 Bf8 35. Bd3 b4 36. axb4 Bxb4 37. Ra1 Ra8 38. Bb5 Bxc3 39. bxc3 Ne7 40. Rxa4 Rxa4 41. Bxa4 Rg8 42. hxg6+ hxg6 43. Qh7+ Kf8 44. Bb5 Qc8 45. Rc2 Qb7 46. e6 Rg7 47. Qh8+ Ng8 48. Bd3 Qe7 49. Qh1 Rh7 50. Qg2 Qxe6 51. Ra2 Ne7 52. Re2 Qc6 53. Rc2 Qa4 54. Kg3 Qa1 55. Bf1 Ng8 56. Kf2 Kf7 57. Qxd5+ Kg7 58. Qe5+ Kf8 59. Bg2 Re7 60. Qb8+ Kg7 61. Re2 Rxe2+ 62. Kxe2 Qxc3 63. Qe5+ Kh7 64. Bd5 Qc2+ 65. Kf3 Qc8 66. Kg3 Qd8 67. Bxg8+ Kxg8 68. d5 Qd7 69. d6 Kf7 70. Qd5+ Kf6 71. Qe5+ Kf7 72. Qd5+ Kg7 73. Qc5 Kf7 74. Qc4+ Kf6 75. Qd5 Kg7 76. Kf3 Kf8 77. Ke3 Qa7+ 78. Kd3 Qa3+ 79. Kd4 Qa1+ 80. Kc5 Qa5+ 81. Kd4 Qa1+ 82. Kc5 1/2-1/2

[Event "25th Abu Dhabi Master 2018"]
[Site "Abu Dhabi"]
[Date "2018.08.12"]
[Round "6"]
[White "Al Hajiri, Bader"]
[Black "Moayed, Obied"]
[Result "1-0"]
[WhiteElo "2120"]
[BlackElo "2146"]
[Annotator "NA"]
[PlyCount "81"]
[EventDate "2018.08.05"]
[EventType "swiss"]
[EventCountry "UAE"]
[SourceTitle "playchess.com"]
[Source "ChessBase"]
[SourceQuality "1"]

1. e4 c5 2. Nf3 d6 3. c3 Nf6 4. g3 Nc6 5. d4 cxd4 6. Nxd4 Nxd4 7. Qxd4 e5 8. Qd3 Be7 9. Bg2 Be6 10. O-O O-O 11. c4 Rc8 12. b3 a6 13. Nc3 Qc7 14. Bb2 Qc5 15. Rad1 Rc7 16. Rd2 Rb8 17. Rc1 Ne8 18. Nd5 Bxd5 19. cxd5 Qa7 20. Rxc7 Nxc7 21. Bxe5 dxe5 22. d6 Bd8 23. dxc7 Bxc7 24. Qc4 Bb6 25. Rd7 Bxf2+ 26. Kh1 Rf8 27. Bh3 g6 28. Be6 Qe3 29. Bxf7+ Kh8 30. Kg2 Bg1 31. Qf1 Bf2 32. Qxf2 Qxf2+ 33. Kxf2 Kg7 34. Rxb7 Rxf7+ 35. Rxf7+ Kxf7 36. Ke3 Ke6 37. Kd3 Kd6 38. Kc4 Kc6 39. b4 g5 40. g4 h6 41. a4 1-0

[Event "25th Abu Dhabi Master 2018"]
[Site "Abu Dhabi"]
[Date "2018.08.12"]
[Round "6"]
[White "Salonika, Saina"]
[Black "Karthik, Kumar Pradeep"]
[Result "1/2-1/2"]
[WhiteElo "2069"]
[BlackElo "2295"]
[Annotator "TA"]
[PlyCount "88"]
[EventDate "2018.08.05"]
[EventType "swiss"]
[EventCountry "UAE"]
[SourceTitle "playchess.com"]
[Source "ChessBase"]
[SourceQuality "1"]

1. e4 c5 2. Nf3 e6 3. d4 cxd4 4. Nxd4 Nc6 5. Nc3 a6 6. Be3 Nf6 7. Nxc6 bxc6 8. e5 Nd5 9. Nxd5 cxd5 10. Bd4 d6 11. exd6 Qxd6 12. Bd3 e5 13. Qe2 f6 14. O-O Kf7 15. Qh5+ g6 16. Bxg6+ hxg6 17. Qxh8 exd4 18. Qh4 d3 19. cxd3 Bf5 20. Rac1 d4 21. Rc4 Rd8 22. Rfc1 Kg7 23. Rc6 Qe5 24. Rc7+ Rd7 25. Rxd7+ Bxd7 26. Qg3 Bd6 27. Qxe5 fxe5 28. f3 Bb5 29. Rd1 Be7 30. Kf1 Bg5 31. Ke2 Kf7 32. g3 Be3 33. h4 Bd7 34. Rh1 Kf6 35. Ke1 Bc6 36. Ke2 Be8 37. Rh2 Bd7 38. Ke1 Bf5 39. Ke2 a5 40. b3 Be6 41. h5 Bh6 42. hxg6 Kxg6 43. Rh1 Bd5 44. Rb1 Bf8 1/2-1/2

[Event "25th Abu Dhabi Master 2018"]
[Site "Abu Dhabi"]
[Date "2018.08.12"]
[Round "6"]
[White "Polakhare, Aryan"]
[Black "Mohamed, Faisal"]
[Result "0-1"]
[WhiteElo "1957"]
[BlackElo "2134"]
[Annotator "NA"]
[PlyCount "168"]
[EventDate "2018.08.05"]
[EventType "swiss"]
[EventCountry "UAE"]
[SourceTitle "playchess.com"]
[Source "ChessBase"]
[SourceQuality "1"]

1. e4 c5 2. Nf3 Nc6 3. Nc3 g6 4. h4 h5 5. d4 cxd4 6. Nxd4 Bg7 7. Be3 d6 8. Be2 Nf6 9. f3 a6 10. Qd2 d5 11. Nxc6 bxc6 12. e5 Ng8 13. f4 Nh6 14. O-O-O Bg4 15. Bd4 e6 16. Qe1 Bf8 17. Bxg4 Nxg4 18. Na4 Rb8 19. Qc3 Qc8 20. Nc5 Be7 21. a4 O-O 22. Qa5 Ra8 23. Rd3 Nh6 24. Bf2 Bd8 25. Qd2 Rb8 26. Rg1 Ng4 27. Rh1 Be7 28. Bd4 Nh6 29. Qa5 Rd8 30. b3 Nf5 31. Bf2 d4 32. b4 Rd5 33. c4 Rxc5 34. bxc5 Bxc5 35. Qd2 Bb4 36. Qc2 Bc3 37. Rxc3 dxc3 38. Qxc3 c5 39. Qc2 Qc6 40. Bg1 Rb4 41. Rh3 Qxa4 42. Qxa4 Rxa4 43. Kb2 Rxc4 44. g3 Ne7 45. Rh2 Nd5 46. Rd2 a5 47. Bf2 a4 48. Ka3 Nb6 49. Rd8+ Kg7 50. Rb8 Rc3+ 51. Kb2 Nd5 52. Ra8 Rb3+ 53. Kc2 Rf3 54. Be1 a3 55. Ra4 Nb4+ 56. Bxb4 cxb4 57. Rxb4 Rxg3 58. Ra4 Rg4 59. Kb3 Rxh4 60. Kxa3 Rh1 61. Kb2 h4 62. Re4 Rg1 63. f5 exf5 64. Rxh4 Re1 65. Kc2 Rxe5 66. Kd2 g5 67. Rh1 Kg6 68. Kd3 g4 69. Kd4 Re4+ 70. Kd3 Kg5 71. Rh8 Kf4 72. Rh7 g3 73. Rxf7 g2 74. Rg7 Kf3 75. Rg5 Rg4 76. Rxf5+ Kg3 77. Ke2 g1=Q 78. Rf3+ Kh4 79. Rf8 Re4+ 80. Kd3 Qd4+ 81. Kc2 Qc5+ 82. Kd3 Re3+ 83. Kd2 Qc3+ 84. Kd1 Re1# 0-1

[Event "25th Abu Dhabi Master 2018"]
[Site "Abu Dhabi"]
[Date "2018.08.12"]
[Round "6"]
[White "Al Zaabi, Sultan"]
[Black "Al Hosani, Omran"]
[Result "1/2-1/2"]
[WhiteElo "1945"]
[BlackElo "2135"]
[Annotator "NA"]
[PlyCount "27"]
[EventDate "2018.08.05"]
[EventType "swiss"]
[EventCountry "UAE"]
[SourceTitle "playchess.com"]
[Source "ChessBase"]
[SourceQuality "1"]

1. d4 Nf6 2. c4 g6 3. f3 c5 4. d5 d6 5. e4 Bg7 6. Nc3 O-O 7. Be3 a6 8. Qd2 b5 9. cxb5 axb5 10. Bxb5 Ba6 11. Bxa6 Nxa6 12. Nge2 Qb6 13. O-O Rfb8 14. Rfb1 1/2-1/2

[Event "25th Abu Dhabi Master 2018"]
[Site "Abu Dhabi"]
[Date "2018.08.12"]
[Round "6"]
[White "Patil, Pratik"]
[Black "Mendonca, Leon Luke"]
[Result "1/2-1/2"]
[WhiteElo "1911"]
[BlackElo "2168"]
[Annotator "NA"]
[PlyCount "53"]
[EventDate "2018.08.05"]
[EventType "swiss"]
[EventCountry "UAE"]
[SourceTitle "playchess.com"]
[Source "ChessBase"]
[SourceQuality "1"]

1. e4 c5 2. c3 d5 3. exd5 Qxd5 4. d4 Nf6 5. Nf3 Bg4 6. Be2 e6 7. Be3 cxd4 8. cxd4 Nc6 9. Nc3 Qd6 10. h3 Bh5 11. O-O Be7 12. Nb5 Qb8 13. Ne5 Bxe2 14. Qxe2 O-O 15. Bg5 Qd8 16. Rfd1 a6 17. Nxc6 bxc6 18. Nc3 Nd5 19. Bxe7 Nxe7 20. Rac1 Qa5 21. b3 Rfd8 22. Qe5 Qa3 23. Qc5 Qxc5 24. dxc5 Nd5 25. Ne4 Rdb8 26. Nd6 a5 27. Rd4 1/2-1/2

[Event "25th Abu Dhabi Master 2018"]
[Site "Abu Dhabi"]
[Date "2018.08.13"]
[Round "7"]
[White "Rapport, Richard"]
[Black "Tabatabai, M Amin"]
[Result "1-0"]
[WhiteElo "2719"]
[BlackElo "2590"]
[Annotator "TA"]
[PlyCount "43"]
[EventDate "2018.08.05"]
[EventType "swiss"]
[EventCountry "UAE"]
[SourceTitle "playchess.com"]
[Source "ChessBase"]
[SourceQuality "1"]

1. e4 e5 2. Nf3 Nc6 3. Bc4 Bc5 4. c3 Nf6 5. d3 O-O 6. b4 Be7 7. Nbd2 d5 8. Bb3 dxe4 9. dxe4 Qd3 10. Bb2 a5 11. a3 Nh5 12. g3 Kh8 13. Bc2 Qd6 14. Nc4 Qe6 15. Qe2 axb4 16. cxb4 Nxb4 17. axb4 Bxb4+ 18. Nfd2 Rxa1+ 19. Bxa1 Qa6 20. O-O Nf4 21. Qe3 Bh3 22. Rb1 1-0

[Event "25th Abu Dhabi Master 2018"]
[Site "Abu Dhabi"]
[Date "2018.08.13"]
[Round "7"]
[White "Wang, Hao"]
[Black "Andersen, Mads"]
[Result "1/2-1/2"]
[WhiteElo "2711"]
[BlackElo "2601"]
[Annotator "TA"]
[PlyCount "52"]
[EventDate "2018.08.05"]
[EventType "swiss"]
[EventCountry "UAE"]
[SourceTitle "playchess.com"]
[Source "ChessBase"]
[SourceQuality "1"]

1. d4 Nf6 2. c4 g6 3. Nc3 d5 4. Nf3 Bg7 5. cxd5 Nxd5 6. Qa4+ Nc6 7. e3 O-O 8. Bb5 Nb6 9. Qd1 e5 10. Bxc6 exd4 11. exd4 bxc6 12. O-O Bg4 13. h3 Bxf3 14. Qxf3 Qxd4 15. Rd1 Qc4 16. Bf4 Nd5 17. Nxd5 cxd5 18. Rac1 Qxa2 19. Rxc7 Rad8 20. b4 d4 21. Bg5 Rc8 22. Rxc8 Rxc8 23. Bf6 Bxf6 24. Qxf6 d3 25. Qd4 Qc4 26. Rxd3 Qxd4 1/2-1/2

[Event "25th Abu Dhabi Master 2018"]
[Site "Abu Dhabi"]
[Date "2018.08.13"]
[Round "7"]
[White "Dubov, Daniil"]
[Black "Korobov, Anton"]
[Result "1/2-1/2"]
[WhiteElo "2691"]
[BlackElo "2664"]
[Annotator "TA"]
[PlyCount "35"]
[EventDate "2018.08.05"]
[EventType "swiss"]
[EventCountry "UAE"]
[SourceTitle "playchess.com"]
[Source "ChessBase"]
[SourceQuality "1"]

1. c4 e6 2. Nf3 d5 3. d4 c6 4. Nbd2 Nf6 5. g3 Be7 6. Bg2 O-O 7. O-O b6 8. b3 Bb7 9. Bb2 Nbd7 10. Rc1 Rc8 11. e3 dxc4 12. Nxc4 c5 13. Qe2 cxd4 14. Nxd4 Bxg2 15. Kxg2 a6 16. Nf3 b5 17. Nce5 Qb6 18. Nxd7 1/2-1/2

[Event "25th Abu Dhabi Master 2018"]
[Site "Abu Dhabi"]
[Date "2018.08.13"]
[Round "7"]
[White "Sargissian, Gabriel"]
[Black "Pantsulaia, Levan"]
[Result "1-0"]
[WhiteElo "2680"]
[BlackElo "2587"]
[Annotator "TA"]
[PlyCount "101"]
[EventDate "2018.08.05"]
[EventType "swiss"]
[EventCountry "UAE"]
[SourceTitle "playchess.com"]
[Source "ChessBase"]
[SourceQuality "1"]

1. Nf3 c5 2. c4 g6 3. e4 Bg7 4. d4 Nc6 5. d5 Nd4 6. Nxd4 cxd4 7. Nd2 d6 8. h3 Nf6 9. Bd3 e5 10. dxe6 fxe6 11. e5 dxe5 12. O-O O-O 13. Re1 Bd7 14. b4 Qc7 15. b5 Rf7 16. a4 Nh5 17. Ne4 Nf4 18. Ba3 Bf8 19. Bf1 Bxa3 20. Rxa3 b6 21. Qd2 Rd8 22. a5 Bc8 23. a6 Qe7 24. Rb3 Bd7 25. Qb4 Qh4 26. g3 Nxh3+ 27. Kh2 Qh5 28. Bxh3 g5 29. f3 Rdf8 30. Qd2 h6 31. g4 Qg6 32. Bg2 Rf4 33. Ng3 e4 34. Rxe4 Rxe4 35. Nxe4 e5 36. c5 Be6 37. Rb2 bxc5 38. Nxc5 Bd5 39. Ne4 h5 40. gxh5 Qxh5+ 41. Kg1 Bxe4 42. fxe4 g4 43. Rb3 Qh4 44. Bf1 Kg7 45. Qg2 Rf4 46. b6 axb6 47. a7 Qd8 48. Ra3 Qa8 49. Bc4 d3 50. Bxd3 b5 51. Qb2 1-0

[Event "25th Abu Dhabi Master 2018"]
[Site "Abu Dhabi"]
[Date "2018.08.13"]
[Round "7"]
[White "Akopian, Vladimir Eduardovic"]
[Black "Puranik, Abhimanyu Sameer"]
[Result "1-0"]
[WhiteElo "2655"]
[BlackElo "2514"]
[Annotator "TA"]
[PlyCount "88"]
[EventDate "2018.08.05"]
[EventType "swiss"]
[EventCountry "UAE"]
[SourceTitle "playchess.com"]
[Source "ChessBase"]
[SourceQuality "1"]

1. e4 e6 2. d4 d5 3. Nd2 Be7 4. Bd3 c5 5. dxc5 Nf6 6. Qe2 O-O 7. Ngf3 a5 8. O-O Na6 9. Bb5 Nxc5 10. e5 Nfe4 11. Nxe4 dxe4 12. Nd2 Qc7 13. Nxe4 Qxe5 14. Nxc5 Qxc5 15. Rd1 e5 16. Be3 Qc7 17. Qc4 Qxc4 18. Bxc4 Bf5 19. c3 Rac8 20. Bb5 Bc5 21. Bxc5 Rxc5 22. a4 Rfc8 23. Rd6 Kf8 24. Rad1 Ke7 25. Rb6 R8c7 26. f3 Be6 27. Kf2 f6 28. Ke3 Bc4 29. b4 Rxb5 30. axb5 Bb3 31. Ra1 a4 32. c4 Bxc4 33. Rxa4 Bd5 34. Ra3 h5 35. Rd3 Be6 36. f4 exf4+ 37. Kxf4 Rc4+ 38. Ke3 Bc8 39. Rd4 Rc2 40. Re4+ Kd7 41. Rbe6 Rxg2 42. Re8 Rxh2 43. Rg8 Rh3+ 44. Kf2 Rc3 1-0

[Event "25th Abu Dhabi Master 2018"]
[Site "Abu Dhabi"]
[Date "2018.08.13"]
[Round "7"]
[White "Parligras, Mircea Emilian"]
[Black "Rakesh, Kumar Jena"]
[Result "1/2-1/2"]
[WhiteElo "2645"]
[BlackElo "2385"]
[Annotator "TA"]
[PlyCount "123"]
[EventDate "2018.08.05"]
[EventType "swiss"]
[EventCountry "UAE"]
[SourceTitle "playchess.com"]
[Source "ChessBase"]
[SourceQuality "1"]

1. d4 Nf6 2. c4 e6 3. Nf3 b6 4. a3 Bb7 5. Bf4 d5 6. cxd5 exd5 7. e3 Be7 8. Bb5+ c6 9. Bd3 O-O 10. Nc3 Nbd7 11. Ne5 Re8 12. O-O Nxe5 13. dxe5 Nd7 14. Bg3 Bc5 15. b4 Bf8 16. f4 a5 17. b5 Nc5 18. Be2 a4 19. Bf3 Nb3 20. Ra2 cxb5 21. Nxd5 Rc8 22. e4 Rc4 23. Qb1 Bc5+ 24. Kh1 f5 25. exf6 Bxd5 26. exd5 Qxf6 27. Be2 Rc3 28. Bxb5 Rc8 29. Be1 Rc1 30. Qe4 Nd4 31. Bxa4 Nf5 32. Bd7 Rf8 33. Re2 Nd4 34. Ref2 Qd6 35. Bg4 Rd8 36. Bb4 Rxf1+ 37. Rxf1 Qxd5 38. Qxd5+ Rxd5 39. Rd1 Rd6 40. g3 Kf7 41. Kg2 g6 42. Be2 Ke7 43. Bc4 Bxb4 44. axb4 Nc2 45. Rxd6 Kxd6 46. Bg8 Ke7 47. Bxh7 Kf7 48. f5 Ne3+ 49. Kf3 Nxf5 50. Ke4 Kg7 51. Bxg6 Kxg6 52. Kd5 Ne3+ 53. Kc6 Nf1 54. Kxb6 Nxh2 55. b5 Ng4 56. Kc7 Ne3 57. b6 Nd5+ 58. Kc6 Nxb6 59. Kxb6 Kg5 60. Kc5 Kg4 61. Kd4 Kxg3 62. Ke4 1/2-1/2

[Event "25th Abu Dhabi Master 2018"]
[Site "Abu Dhabi"]
[Date "2018.08.13"]
[Round "7"]
[White "Lupulescu, Constantin"]
[Black "Nihal Sarin"]
[Result "1/2-1/2"]
[WhiteElo "2619"]
[BlackElo "2556"]
[Annotator "TA"]
[PlyCount "54"]
[EventDate "2018.08.05"]
[EventType "swiss"]
[EventCountry "UAE"]
[SourceTitle "playchess.com"]
[Source "ChessBase"]
[SourceQuality "1"]

1. d4 Nf6 2. c4 e6 3. Nf3 b6 4. a3 Bb7 5. Nc3 Ne4 6. Nxe4 Bxe4 7. Bf4 Be7 8. Nd2 Bb7 9. e4 Bg5 10. Qg4 Bxf4 11. Qxf4 O-O 12. Bd3 d6 13. O-O e5 14. Qe3 exd4 15. Qxd4 c5 16. Qc3 Nc6 17. f4 Nd4 18. Nf3 Bxe4 19. Nxd4 cxd4 20. Qxd4 Bxd3 21. Qxd3 Qf6 22. b3 Rfe8 23. Ra2 Re6 24. f5 Re5 25. Rd2 Rd8 26. h3 h6 27. a4 Qg5 1/2-1/2

[Event "25th Abu Dhabi Master 2018"]
[Site "Abu Dhabi"]
[Date "2018.08.13"]
[Round "7"]
[White "Vocaturo, Daniele"]
[Black "Cheparinov, Ivan"]
[Result "0-1"]
[WhiteElo "2617"]
[BlackElo "2718"]
[Annotator "TA"]
[PlyCount "103"]
[EventDate "2018.08.05"]
[EventType "swiss"]
[EventCountry "UAE"]
[SourceTitle "playchess.com"]
[Source "ChessBase"]
[SourceQuality "1"]

1. d4 Nf6 2. c4 g6 3. Nc3 d5 4. cxd5 Nxd5 5. Nf3 Bg7 6. e4 Nxc3 7. bxc3 c5 8. Be3 Qa5 9. Nd2 Nd7 10. Nb3 Qc7 11. Bb5 O-O 12. O-O Nf6 13. f3 a6 14. Be2 c4 15. Nd2 b5 16. f4 Qa5 17. Qc2 Ng4 18. Bxg4 Bxg4 19. Rae1 Bd7 20. f5 Rfc8 21. Qb2 b4 22. Qxb4 Qxb4 23. cxb4 gxf5 24. exf5 a5 25. a3 axb4 26. axb4 Ra3 27. d5 c3 28. Ne4 c2 29. Bc1 Bd4+ 30. Kh1 Rd3 31. f6 exf6 32. Nxf6+ Bxf6 33. Rxf6 Re8 34. Rxe8+ Bxe8 35. Rf1 Rd1 36. Rg1 Rxd5 37. h3 Rd1 38. g4 Bc6+ 39. Kh2 Kf8 40. h4 Ke7 41. g5 Ke6 42. h5 Kf5 43. g6 fxg6 44. hxg6 hxg6 45. Rg5+ Ke4 46. Rg1 Rxg1 47. Kxg1 Kd3 48. Kf2 Kc3 49. Ke3 Kxb4 50. Kd4 Kb3 51. Kd3 Bd7 52. Kd4 0-1

[Event "25th Abu Dhabi Master 2018"]
[Site "Abu Dhabi"]
[Date "2018.08.13"]
[Round "7"]
[White "Gupta, Abhijeet"]
[Black "Kadric, Denis"]
[Result "1/2-1/2"]
[WhiteElo "2614"]
[BlackElo "2537"]
[Annotator "TA"]
[PlyCount "118"]
[EventDate "2018.08.05"]
[EventType "swiss"]
[EventCountry "UAE"]
[SourceTitle "playchess.com"]
[Source "ChessBase"]
[SourceQuality "1"]

1. d4 d6 2. e4 Nf6 3. f3 c5 4. d5 e6 5. c4 exd5 6. cxd5 Be7 7. Nc3 O-O 8. Nge2 Nh5 9. g4 Bh4+ 10. Kd2 Nf6 11. Ng3 Na6 12. Kc2 Rb8 13. Rg1 Ne8 14. Nf5 Bf6 15. a4 Nac7 16. Bd2 a6 17. Ne2 Bxf5 18. gxf5 b5 19. a5 b4 20. Nf4 Nb5 21. Bc4 Kh8 22. Ne2 Qe7 23. Qc1 Nd4+ 24. Nxd4 Bxd4 25. Rg3 Nc7 26. Be3 Be5 27. Rg4 Nb5 28. Kd3 Bf6 29. Qd2 Qe5 30. Rb1 b3 31. Qg2 Nd4 32. Qg3 Rb4 33. Qxe5 Bxe5 34. f4 Bf6 35. Bd2 Ra4 36. Bc3 Nb5 37. e5 Nxc3 38. exf6 Nxb1 39. fxg7+ Kg8 40. gxf8=Q+ Kxf8 41. Rg2 Rb4 42. Bxa6 Na3 43. Rg1 Nc2 44. Bc4 Ra4 45. a6 Nb4+ 46. Kc3 Nxa6 47. f6 Nc7 48. Rg7 Ne8 49. Rxh7 Nxf6 50. Rh8+ Ke7 51. Rb8 Ra1 52. Kxb3 Rh1 53. Rh8 Rd1 54. Rb8 Rd4 55. Rb7+ Kf8 56. Rb6 Ne4 57. Ba6 Rxd5 58. Bb7 Nd2+ 59. Kc3 Ne4+ 1/2-1/2

[Event "25th Abu Dhabi Master 2018"]
[Site "Abu Dhabi"]
[Date "2018.08.13"]
[Round "7"]
[White "Karthikeyan, Murali"]
[Black "Fedoseev, Vladimir"]
[Result "1-0"]
[WhiteElo "2609"]
[BlackElo "2152"]
[Annotator "TA"]
[PlyCount "105"]
[EventDate "2018.08.05"]
[EventType "swiss"]
[EventCountry "UAE"]
[SourceTitle "playchess.com"]
[Source "ChessBase"]
[SourceQuality "1"]

1. e4 c5 2. Nf3 d6 3. d4 cxd4 4. Nxd4 Nf6 5. Nc3 a6 6. Be3 e5 7. Nf3 Qc7 8. a4 h6 9. a5 Be6 10. Nd5 Nxd5 11. exd5 Bf5 12. c4 Nd7 13. Be2 Be7 14. O-O O-O 15. b4 Bh7 16. Rc1 Rac8 17. Qb3 Kh8 18. Nd2 f5 19. f4 Rce8 20. fxe5 Nxe5 21. c5 Bg5 22. Bxg5 hxg5 23. Qc3 g4 24. Nb3 f4 25. Nd4 Bg8 26. Qd2 dxc5 27. Rxc5 Qd6 28. Bd1 g5 29. Qc3 Qf6 30. Bb3 Nd7 31. Rc7 Re3 32. Qxe3 fxe3 33. Rxf6 Nxf6 34. Ne6 Nxd5 35. Bxd5 e2 36. Rc1 Bxe6 37. Bxe6 Re8 38. Kf2 Rxe6 39. Ke1 b6 40. b5 axb5 41. Rc8+ Kg7 42. a6 Re7 43. Rb8 g3 44. hxg3 Kf6 45. Rxb6+ Ke5 46. Rxb5+ Kd4 47. Ra5 Ra7 48. Kxe2 Ke4 49. Ra4+ Ke5 50. Kf3 Kf5 51. Ra5+ Kg6 52. g4 Kf7 53. Ke4 1-0

[Event "25th Abu Dhabi Master 2018"]
[Site "Abu Dhabi"]
[Date "2018.08.13"]
[Round "7"]
[White "Aravindh, Chithambaram VR"]
[Black "Kravtsiv, Martyn"]
[Result "1-0"]
[WhiteElo "2581"]
[BlackElo "2654"]
[Annotator "TA"]
[PlyCount "143"]
[EventDate "2018.08.05"]
[EventType "swiss"]
[EventCountry "UAE"]
[SourceTitle "playchess.com"]
[Source "ChessBase"]
[SourceQuality "1"]

1. e4 e5 2. Nf3 Nc6 3. d4 exd4 4. Nxd4 Nf6 5. Nxc6 bxc6 6. e5 Qe7 7. Qe2 Nd5 8. h4 Qe6 9. Nd2 d6 10. exd6 Bxd6 11. Nc4 O-O 12. Qxe6 Bxe6 13. Nxd6 cxd6 14. Bd2 Bg4 15. f3 Rfe8+ 16. Kf2 Be6 17. c4 Nb6 18. b3 a5 19. Be3 c5 20. Rd1 Nc8 21. Bd3 a4 22. Be4 Ra6 23. Bf4 axb3 24. axb3 Ra2+ 25. Kg3 Rb2 26. Rd3 h6 27. Re1 Rd8 28. Red1 Ne7 29. Be5 Re2 30. Rxd6 Rxd6 31. Bxd6 Nf5+ 32. Bxf5 Bxf5 33. Bxc5 Rc2 34. Rd8+ Kh7 35. Rb8 Bd3 36. Rb7 Kg6 37. Bf2 Kf6 38. Bd4+ Kg6 39. c5 Bf1 40. Bf2 Kf6 41. b4 g5 42. hxg5+ hxg5 43. b5 Ke6 44. Rb6+ Ke7 45. Rb7+ Ke6 46. c6 f5 47. Rb8 Kd6 48. b6 f4+ 49. Kh2 Rxf2 50. Kg1 Rb2 51. Kxf1 Kxc6 52. Kg1 Rd2 53. Kh2 g4 54. fxg4 f3 55. Rf8 fxg2 56. Rf6+ Kb7 57. g5 Rd4 58. Rf2 Rh4+ 59. Kg1 Kxb6 60. g6 Rh8 61. Kxg2 Kc7 62. Kg3 Rh6 63. Rf6 Kd7 64. Kg4 Ke7 65. Kg5 Rh2 66. Rf1 Rh3 67. Rf2 Rh1 68. Rf3 Rh2 69. Rf1 Rh3 70. g7 Rh2 71. Kg6 Rg2+ 72. Kh7 1-0